00499nam a2200157Ia 450000500170000000800410001708200130005810000180007124500240008926000510011330000130016450000480017794200060022595200950023199900150032620250408024712.0240331s9999 xx 000 0 und d a010bJAM aJameel, S.H.M 0aSuvadi arruppadai-3 aKalmunaibIslamic Book Publishing Centrec1997 a224 p ., aBibliography of books by Sri Lankan Muslims cL 001040708LaWERCLbWERCLcSSCd2024-03-31l0o 010 JAMp4303r2024-03-31w2024-03-31yL c1303d1303